[Event "GER-chB Seniors 28th"]
[Site "Niederhausen"]
[Date "2016.08.21"]
[Round "9"]
[White "Nemoj, Ilja"]
[Black "Heymann, Marianne"]
[Result "1/2-1/2"]
[WhiteElo "1775"]
[BlackElo "1804"]
[PlyCount "65"]
[EventDate "2016.08.13"]
[EventType "swiss"]
[EventRounds "9"]
[EventCountry "GER"]
[SourceTitle "EXT 2019"]
[Source "ChessBase"]
[SourceDate "2018.10.10"]
[SourceVersion "1"]
[SourceVersionDate "2018.10.10"]
[SourceQuality "1"]

1. d4 d6 2. f4 Nd7 3. Nf3 c6 4. e3 Ngf6 5. Bd3 Qc7 6. Nbd2 e5 7. 0-0 Be7 8. c3 0-0 9. f5 Ng4 10. Qe2 d5 11. e4 Ndf6 12. h3 dxe4 13. Nxe4 Nxe4 14. Qxe4 Nf6 15. Qxe5 Bd6 16. Qe1 Re8 17. Qd1 Ne4 18. Bxe4 Rxe4 19. Ng5 Re8 20. f6 Bh2+ 21. Kh1 h6 22. Nf3 Bg3 23. fxg7 Re6 24. Qd3 Rg6 25. Be3 Be6 26. Bf2 Qd7 27. Ng1 Bxf2 28. Rxf2 Kxg7 29. Raf1 Rg8 30. c4 Kh8 31. Rd1 Rg3 32. Qe4 Bxc4 33. Rf6 1/2-1/2

[Event "GER-chB Seniors 27th"]
[Site "Magdeburg"]
[Date "2015.08.16"]
[Round "2"]
[White "Nemoj, Ilja"]
[Black "Micheel, Peter"]
[Result "1/2-1/2"]
[WhiteElo "1783"]
[BlackElo "1906"]
[PlyCount "113"]
[EventDate "2015.08.15"]
[EventType "swiss"]
[EventRounds "9"]
[EventCountry "GER"]
[SourceTitle "EXT 2018"]
[Source "ChessBase"]
[SourceDate "2017.10.13"]
[SourceVersion "1"]
[SourceVersionDate "2017.10.13"]
[SourceQuality "1"]

1. e4 e6 2. Nf3 d5 3. exd5 exd5 4. d4 Bg4 5. c3 Nd7 6. Be3 Ngf6 7. Nbd2 Bd6 8. Bd3 c6 9. Qc2 Bh5 10. h3 Bg6 11. Bxg6 hxg6 12. b4 Qe7 13. 0-0-0 a5 14. a3 axb4 15. axb4 0-0 16. Kb2 b5 17. Ra1 Nb6 18. Rxa8 Rxa8 19. Rb1 Qa7 20. Kc1 Qa3+ 21. Kd1 Ne4 22. Nxe4 dxe4 23. Nd2 f5 24. Ke2 Nd5 25. Nb3 Qa2 26. Rb2 Qa6 27. g3 Qa4 28. Rb1 Qa2 29. Rb2 Qa4 30. Bc1 Nb6 31. Rb1 Qa6 32. Na5 Nc4 33. Nxc4 bxc4 34. Bb2 Bxb4 35. Ra1 Qb7 36. Rxa8+ Qxa8 37. cxb4 Qb7 38. Qxc4+ Kh7 39. Bc3 Qd7 40. Qc5 Qe6 41. d5 cxd5 42. Qc7 Qa6+ 43. Ke3 Qd3+ 44. Kf4 d4 45. Be1 Qd1 46. Qc4 Qxe1 47. Qxd4 Qc1+ 48. Ke5 Qc7+ 49. Qd6 Qc3+ 50. Ke6 Qc4+ 51. Kd7 Qd3 52. Kc6 g5 53. b5 Qxd6+ 54. Kxd6 f4 55. gxf4 gxf4 56. b6 e3 57. fxe3 1/2-1/2

[Event "Dortmund Sparkassen op-B"]
[Site "Dortmund"]
[Date "2013.08.01"]
[Round "6"]
[White "Wuebker, Paul Luca"]
[Black "Nemoj, Ilja"]
[Result "1/2-1/2"]
[WhiteElo "1500"]
[BlackElo "1878"]
[PlyCount "97"]
[EventDate "2013.07.27"]
[EventType "swiss"]
[EventRounds "9"]
[EventCountry "GER"]
[SourceTitle "EXT 2022"]
[Source "ChessBase"]
[SourceDate "2021.10.06"]
[SourceVersion "1"]
[SourceVersionDate "2021.10.06"]
[SourceQuality "1"]

1. d4 g6 2. c4 Bg7 3. Bf4 Nc6 4. Nf3 d6 5. e3 Bd7 6. Nc3 e6 7. Bd3 a6 8. 0-0 Nge7 9. a3 0-0 10. Qc2 e5 11. dxe5 dxe5 12. Bg3 f5 13. c5 Kh8 14. Bc4 Qe8 15. Qb3 Na5 16. Qa2 Nec6 17. Bd5 e4 18. Ng5 Bxc3 19. bxc3 h6 20. Ne6 Bxe6 21. Bxe6 Qe7 22. Rfd1 Rae8 23. Bd7 Rd8 24. Qe6 Qxe6 25. Bxe6 Rxd1+ 26. Rxd1 Rf6 27. Ba2 Kg7 28. Rd7+ Kf8 29. Rxc7 Ke8 30. Rh7 g5 31. Bd6 b5 32. h3 f4 33. exf4 gxf4 34. Rg7 Kd8 35. Rg4 e3 36. fxe3 fxe3 37. Re4 Kd7 38. Rxe3 Nb7 39. Rd3 Nxd6 40. Rxd6+ Rxd6 41. cxd6 Kxd6 42. Kf2 Ke5 43. Ke3 Ne7 44. g4 Ng6 45. Bb1 Nf4 46. h4 Nd5+ 47. Kd3 Nf4+ 48. Ke3 Nd5+ 49. Kd3 1/2-1/2

[Event "Dortmund Sparkassen op-B"]
[Site "Dortmund"]
[Date "2013.07.31"]
[Round "5"]
[White "Nemoj, Ilja"]
[Black "Roth, Jan Paul"]
[Result "1-0"]
[WhiteElo "1878"]
[BlackElo "1387"]
[PlyCount "101"]
[EventDate "2013.07.27"]
[EventType "swiss"]
[EventRounds "9"]
[EventCountry "GER"]
[SourceTitle "EXT 2022"]
[Source "ChessBase"]
[SourceDate "2021.10.06"]
[SourceVersion "1"]
[SourceVersionDate "2021.10.06"]
[SourceQuality "1"]

1. d4 e6 2. c3 Nf6 3. Bf4 c5 4. e3 cxd4 5. exd4 b6 6. Bd3 Bb7 7. Nf3 Nd5 8. Bg3 Be7 9. Nbd2 g6 10. Rc1 f5 11. Be5 Bf6 12. a3 0-0 13. 0-0 Nc6 14. Nc4 Nxe5 15. dxe5 Bg5 16. Rc2 Nf4 17. Nd6 Bxf3 18. Qxf3 Nxd3 19. Qxd3 Be7 20. Rd2 Bxd6 21. Qxd6 Rf7 22. Rfd1 Qc8 23. Qb4 Qb7 24. Rd6 Rc8 25. Qd4 Rc7 26. Qf4 Rc6 27. R6d3 b5 28. h4 Rc4 29. Qg5 Rg4 30. Qd8+ Kg7 31. f3 Rc4 32. Rxd7 Qb6+ 33. Qxb6 axb6 34. g3 Rc6 35. Kf2 Rxd7 36. Rxd7+ Kg8 37. Ke3 h6 38. Kd3 g5 39. hxg5 hxg5 40. Rd6 Rxd6+ 41. exd6 Kf8 42. Kd4 Ke8 43. Ke5 Kf7 44. d7 Ke7 45. d8Q+ Kxd8 46. Kxe6 g4 47. fxg4 fxg4 48. Kf5 Kc7 49. Kxg4 Kd6 50. Kf4 Kc5 51. b3 1-0

[Event "GER-ch Seniors"]
[Site "Dresden"]
[Date "2012.08.17"]
[Round "9"]
[White "Goldinger, Josef"]
[Black "Nemoj, Ilja"]
[Result "0-1"]
[WhiteElo "1969"]
[BlackElo "1848"]
[PlyCount "57"]
[EventDate "2012.08.09"]
[EventType "swiss"]
[EventRounds "9"]
[EventCountry "GER"]
[SourceTitle "EXT 2014"]
[Source "ChessBase"]
[SourceDate "2013.11.20"]
[SourceVersion "1"]
[SourceVersionDate "2013.11.20"]
[SourceQuality "1"]

1. e4 g6 2. d4 Bg7 3. f4 d6 4. Nf3 Bg4 5. Be2 Bxf3 6. Bxf3 c6 7. 0-0 Qc7 8. Kh1 Nd7 9. Nc3 e5 10. d5 c5 11. f5 gxf5 12. exf5 Ngf6 13. Bg5 a6 14. Ne4 0-0-0 15. c4 Rde8 16. Qd2 h5 17. b4 Nxe4 18. Bxe4 f6 19. Be3 Rhg8 20. Rf3 b6 21. a3 Kd8 22. Rh3 Rh8 23. Bf3 h4 24. Be2 Rh7 25. Qe1 Reh8 26. Bf2 Qc8 27. Rxh4 Rxh4 28. Bxh4 Bh6 29. h3 0-1

[Event "GER-ch Seniors"]
[Site "Dresden"]
[Date "2012.08.15"]
[Round "7"]
[White "Barlo, Werner"]
[Black "Nemoj, Ilja"]
[Result "0-1"]
[WhiteElo "1854"]
[BlackElo "1848"]
[PlyCount "66"]
[EventDate "2012.08.09"]
[EventType "swiss"]
[EventRounds "9"]
[EventCountry "GER"]
[SourceTitle "EXT 2014"]
[Source "ChessBase"]
[SourceDate "2013.11.20"]
[SourceVersion "1"]
[SourceVersionDate "2013.11.20"]
[SourceQuality "1"]

1. d4 e6 2. c4 d5 3. Nf3 c6 4. cxd5 exd5 5. Nc3 Bd6 6. g3 f5 7. e3 Nf6 8. Bg2 0-0 9. 0-0 Nbd7 10. a3 Ne4 11. Nd2 Qg5 12. Qe2 Qh6 13. Ndxe4 fxe4 14. f3 exf3 15. Bxf3 Qe6 16. Bd2 Nf6 17. Rae1 Bd7 18. e4 dxe4 19. Nxe4 Nd5 20. Nxd6 Qxd6 21. Bxd5+ Qxd5 22. Qe5 Qb3 23. Bc3 Rfe8 24. Qh5 g6 25. Qh6 Qd5 26. Re5 Rxe5 27. dxe5 Be6 28. Rf2 b6 29. h4 Qd1+ 30. Kh2 Bd5 31. Rg2 Bxg2 32. Kxg2 Qe2+ 33. Kg1 Rf8 0-1

[Event "Niedersachsen-ch Seniors op 14th"]
[Site "Bad Bevensen"]
[Date "2011.07.08"]
[Round "4"]
[White "Nemoj, Ilja"]
[Black "Krotofil, Kurt"]
[Result "0-1"]
[WhiteElo "1704"]
[BlackElo "1928"]
[PlyCount "66"]
[EventDate "2011.07.05"]
[EventType "swiss"]
[EventRounds "9"]
[EventCountry "GER"]
[SourceTitle "EXT 2012"]
[Source "ChessBase"]
[SourceDate "2011.11.24"]
[SourceVersion "1"]
[SourceVersionDate "2011.11.24"]
[SourceQuality "1"]

1. d4 Nf6 2. c3 d5 3. Bf4 Bf5 4. e3 e6 5. Bd3 Bxd3 6. Qxd3 c6 7. Nf3 Bd6 8. Bg3 0-0 9. Nbd2 Qc7 10. Ne5 Nbd7 11. f4 c5 12. 0-0 Rac8 13. Bh4 cxd4 14. exd4 Qb6 15. Bxf6 Nxf6 16. b4 Rc7 17. Rac1 Rfc8 18. a3 a5 19. Nb3 axb4 20. axb4 Qa7 21. Ra1 Qb6 22. Kh1 Rxc3 23. Qxc3 Rxc3 24. Ra8+ Bf8 25. Nc5 Qc7 26. g4 b6 27. Rfa1 bxc5 28. R1a7 cxb4 29. Rxc7 Rxc7 30. Rb8 g6 31. g5 Ne4 32. Rd8 Kg7 33. Ng4 Rb7 0-1

[Event "Niedersachsen-ch Seniors op 13th"]
[Site "Bad Bevensen"]
[Date "2010.07.10"]
[Round "5"]
[White "Nemoj, Ilja"]
[Black "Bendisch, Juergen"]
[Result "1-0"]
[WhiteElo "1703"]
[BlackElo "1780"]
[PlyCount "83"]
[EventDate "2010.07.06"]
[EventType "swiss"]
[EventRounds "9"]
[EventCountry "GER"]
[SourceTitle "EXT 2012"]
[Source "ChessBase"]
[SourceDate "2011.11.24"]
[SourceVersion "1"]
[SourceVersionDate "2011.11.24"]
[SourceQuality "1"]

1. d4 d5 2. c3 c6 3. Bg5 Bf5 4. e3 Nd7 5. Nd2 Ngf6 6. Be2 e6 7. Bf4 h6 8. h3 Be7 9. Ngf3 Qb6 10. Qc1 c5 11. a4 a6 12. a5 Qc6 13. 0-0 Bd6 14. Ne5 Qc7 15. Ndf3 0-0 16. g4 Bh7 17. g5 hxg5 18. Nxd7 Nxd7 19. Bxd6 Qxd6 20. Nxg5 Bf5 21. Bg4 Bxg4 22. hxg4 f6 23. Nh3 Kf7 24. f4 Rh8 25. Kg2 Rh4 26. Kg3 Rah8 27. Rh1 g6 28. Qf1 Kg7 29. Qf3 R4h7 30. Rae1 e5 31. dxe5 fxe5 32. Rd1 exf4+ 33. exf4 Nf6 34. c4 Qe7 35. cxd5 Ne4+ 36. Kg2 Nd6 37. Rde1 Qc7 38. Re6 Nb5 39. Qe3 Qd8 40. Qe5+ Kf8 41. Rf6+ Rf7 42. Rxf7+ 1-0

[Event "GER-ch Seniors 21st"]
[Site "Dresden"]
[Date "2009.08.08"]
[Round "7"]
[White "Oehlmann, Dieter"]
[Black "Nemoj, Ilja"]
[Result "1-0"]
[WhiteElo "2037"]
[BlackElo "1860"]
[PlyCount "81"]
[EventDate "2009.08.03"]
[EventType "swiss"]
[EventRounds "9"]
[EventCountry "GER"]
[SourceTitle "CBM 131 Extra"]
[Source "ChessBase"]
[SourceDate "2009.09.03"]
[SourceVersion "2"]
[SourceVersionDate "2009.09.16"]
[SourceQuality "1"]

1. Nf3 g6 2. e4 Bg7 3. Bc4 d6 4. 0-0 e6 5. Re1 h6 6. d4 Ne7 7. Bb3 0-0 8. c3 Nd7 9. Be3 g5 10. h3 Ng6 11. Nbd2 a6 12. Nf1 e5 13. Ng3 Nb6 14. Nf5 Qf6 15. Nxg7 Kxg7 16. Nh2 Nf4 17. Ng4 Qg6 18. dxe5 Bxg4 19. hxg4 dxe5 20. Qf3 Nd7 21. g3 Ne6 22. Qg2 Nec5 23. Bc2 Rad8 24. Rad1 Qc6 25. Rd5 Ne6 26. f3 f6 27. Qf2 Nb6 28. Rxd8 Rxd8 29. Kg2 Nc4 30. Bc1 a5 31. Qe2 Nd6 32. Rd1 Rh8 33. Qd3 h5 34. gxh5 Rxh5 35. Rh1 Qe8 36. Rxh5 Qxh5 37. Qd5 Nf8 38. Bb3 Qf7 39. Qxa5 Qd7 40. Qd5 g4 41. Qg8# 1-0